<?xml version="1.0" encoding="UTF-8"?>
<collection xmlns:xsi="http://www.w3.org/2001/XMLSchema-instance" xsi:schemaLocation="http://www.loc.gov/MARC21/slim http://www.loc.gov/standards/marcxml/schema/MARC21slim.xsd" xmlns="http://www.loc.gov/MARC21/slim">
 <record>
  <leader>00000cmm a22000004a 4500</leader>
  <controlfield tag="001">UP-99796217611212690</controlfield>
  <controlfield tag="003">Buklod</controlfield>
  <controlfield tag="005">20230215085534.0</controlfield>
  <controlfield tag="006">m    go  j        </controlfield>
  <controlfield tag="007">cr |n |||auu|a</controlfield>
  <controlfield tag="008">110812s2011    xxk        u |      eng d</controlfield>
  <datafield tag="020" ind1=" " ind2=" ">
   <subfield code="a">9780857296412 (eBook)</subfield>
  </datafield>
  <datafield tag="020" ind1=" " ind2=" ">
   <subfield code="a">0857296418 (eBook)</subfield>
  </datafield>
  <datafield tag="035" ind1=" " ind2=" ">
   <subfield code="a">(iLib)UPD-00215704506</subfield>
  </datafield>
  <datafield tag="040" ind1=" " ind2=" ">
   <subfield code="a">DML</subfield>
  </datafield>
  <datafield tag="041" ind1="0" ind2=" ">
   <subfield code="a">eng</subfield>
  </datafield>
  <datafield tag="042" ind1=" " ind2=" ">
   <subfield code="a">DMLUC</subfield>
  </datafield>
  <datafield tag="084" ind1=" " ind2=" ">
   <subfield code="a">RC924.5.S34</subfield>
   <subfield code="b">C37 2011</subfield>
  </datafield>
  <datafield tag="245" ind1="0" ind2="0">
   <subfield code="a">Case studies in systemic sclerosis</subfield>
   <subfield code="h">[electronic resource]</subfield>
   <subfield code="c">Richard M. Silver, Christopher P. Denton, editors.</subfield>
  </datafield>
  <datafield tag="264" ind1=" " ind2="1">
   <subfield code="a">London</subfield>
   <subfield code="a">New York</subfield>
   <subfield code="b">Springer</subfield>
   <subfield code="c">c2011.</subfield>
  </datafield>
  <datafield tag="300" ind1=" " ind2=" ">
   <subfield code="a">1 online resource (xx, 355 p.)</subfield>
   <subfield code="b">ill. (chiefly col.)</subfield>
  </datafield>
  <datafield tag="505" ind1="0" ind2=" ">
   <subfield code="a">A 35-Year-Old Woman with Puffy Hands, Raynaud's Phenomenon, and Positive Antinuclear Antibody Test -- A 30-Year-Old Woman with Puffy Hands, Raynaud's Phenomenon, and Carpal Tunnel Syndrome -- A 22-Year-Old Woman with Raynaud's Phenomenon but No Other Symptoms and No Abnormalities on Examination -- A Young Adult with Localized Skin Sclerosis and Positive ANA -- Localized Scleroderma in a Child -- An 8-Year-Old Girl with Tight Skin, Digital Ulcers, and Dysphagia -- A 60-YearOld Woman with Skin Thickening, Joint Contractures, and Peripheral Blood Eosinophilia -- A 35-Year-Old Man with Diffuse Scleroderma and Chemical Exposure -- A 65-Year-Old Woman with Hardened Skin, Joint Contractures, and Yellow Scleral Plaques -- Painful Digital Ulcers in a Scleroderma Patient with Raynaud's  Phenomenon -- Rapidly Progressive Skin Disease in a Patient with Diffuse Systemic Sclerosis -- A 28-Year-Old Woman with Early Diffuse Scleroderma and Shortness of Breath -- Late Limited Systemic Sclerosis Patient Who Develops Shortness of Breath on Exertion -- A Diffuse Scleroderma Patient Who Presents with Shortness of Breath and Enlarged Cardiac Silhouette -- A Patient with Systemic Sclerosis, Dyspnea on Exertion, Atypical Chest Pain, and Arrhythmia -- A Scleroderma Patient with Dysphagia and Reflux Who Experiences Worsening Cough -- A Scleroderma Patient with Acute Drop in Hemoglobin and Occult Blood in Stool -- A 62-Year-Old Woman with Scleroderma and Severe Weight Loss -- A Patient with Diffuse Systemic Sclerosis with Hypertension and Acute Renal Failure -- A 34-Year-Old Woman with Limited Cutaneous Scleroderma Who Develops Normotensive Renal Failure with Pulmonary Hemorrhage -- A Scleroderma Patient Inquires About Pregnancy -- A 38-Year-Old Man with Systemic Sclerosis and Erectile Dysfunction -- A Female Scleroderma Patient with Sexual Dysfunction -- A 38-Year-Old Woman with Elevated Muscle Enzymes, Raynaud's Phenomenon, and Positive Anti-Topoisomerase I Antibody: Is She Depressed? -- A Scleroderma Patient with Swollen and Tender Joints of Both Hands -- Two Scleroderma Patients with Differing Patterns of Muscle Disease -- A Limited Cutaneous SSc Patient with Severe Calcinosis and Acro-osteolysis -- A 54-Year Old Woman with Pain and Stiffness of Hands and Tendon Friction Rubs -- A Young Diffuse Scleroderma Patient Having Difficulties with Activities of Daily Living -- A Middle-Aged Male Scleroderma Patient Who Can No Longer Perform His Occupation -- A Scleroderma Patient Presenting with Facial Pain -- A Dentist Inquires About His Patient with Systemic Sclerosis -- A Scleroderma Patient Complaining of Dry and Gritty Sensation of the Eye -- A 34-Year-Old Woman with 2-Year History of Therapy-Resistant, Rapidly Progressive SSc Successfully Treated by Autologous Hematopoietic Stem Cell Transplantation -- Sclerodactyly and Raynaud's Phenomenon in a Patient Who Has Primary Biliary Cirrhosis.</subfield>
  </datafield>
  <datafield tag="506" ind1=" " ind2=" ">
   <subfield code="a">IP-based subscription, access limited to within on-campus computer network. Access via Electronic Resources of the UPD University Library Website.</subfield>
  </datafield>
  <datafield tag="520" ind1=" " ind2=" ">
   <subfield code="a">Case studies in Systemic Sclerosis deals specifically with Systemic Sclerosis in a case study format. Each case presentation includes illustrative figures, a discussion of the pathophysiology relevant to the case, a discussion of management that is both evidence-based and expert opinion-based and several key references for further reading.  With its easy-to-use format, this book presents multiple different manifestations of Systemic Sclerosis to a wide range of readers. Because this disease has a broad range of systemic features, Case Studies in Systemic Sclerosis is a valuable reference tool not only to the community of rheumatologists (trainees, academic and private practice rheumatologists) and dermatologists, but also potentially to internists, gastroenterologists, pulmonologists, cardiologists and nephrologists.</subfield>
  </datafield>
  <datafield tag="533" ind1=" " ind2=" ">
   <subfield code="a">Electronic reproduction.</subfield>
   <subfield code="b">New York</subfield>
   <subfield code="c">SpringerLink</subfield>
   <subfield code="d">2011.</subfield>
   <subfield code="n">Available via World Wide Web through SpringerLink.</subfield>
  </datafield>
  <datafield tag="650" ind1=" " ind2="0">
   <subfield code="a">Systemic scleroderma</subfield>
   <subfield code="v">Case studies.</subfield>
  </datafield>
  <datafield tag="650" ind1=" " ind2="0">
   <subfield code="a">Scleroderma, Systemic</subfield>
   <subfield code="x">Diagnosis</subfield>
   <subfield code="v">Case reports.</subfield>
  </datafield>
  <datafield tag="650" ind1=" " ind2="0">
   <subfield code="a">Scleroderma, Systemic</subfield>
   <subfield code="x">Therapy</subfield>
   <subfield code="v">Case reports.</subfield>
  </datafield>
  <datafield tag="650" ind1=" " ind2="0">
   <subfield code="a">Electronic books.</subfield>
  </datafield>
  <datafield tag="700" ind1="1" ind2=" ">
   <subfield code="a">Silver, Richard M.</subfield>
  </datafield>
  <datafield tag="700" ind1="1" ind2=" ">
   <subfield code="a">Denton, C. P.</subfield>
   <subfield code="q">(Christopher P.).</subfield>
  </datafield>
  <datafield tag="710" ind1="2" ind2=" ">
   <subfield code="a">SpringerLink (Online service).</subfield>
  </datafield>
  <datafield tag="842" ind1=" " ind2=" ">
   <subfield code="a">Electronic Resource</subfield>
  </datafield>
  <datafield tag="856" ind1="4" ind2="0">
   <subfield code="y">Available for University of the Philippines Diliman via SpringerLink. Click here to access</subfield>
   <subfield code="u">http://dx.doi.org/10.1007/978-0-85729-641-2</subfield>
  </datafield>
  <datafield tag="905" ind1=" " ind2=" ">
   <subfield code="a">FO</subfield>
  </datafield>
  <datafield tag="950" ind1=" " ind2=" ">
   <subfield code="a">Monograph</subfield>
  </datafield>
  <datafield tag="852" ind1="0" ind2=" ">
   <subfield code="a">UPD</subfield>
   <subfield code="b">DMLR</subfield>
  </datafield>
  <datafield tag="942" ind1=" " ind2=" ">
   <subfield code="a">Electronic Resource</subfield>
  </datafield>
 </record>
</collection>
